000 01579cam a22001934a 4500
005 20250605164142.0
008 250528s ||||||||||||||||||||||||d
035 _a19029
020 _a9602202874
040 _aGR-AtMCL
_bgre
_dGR-AtMCL
_eAACR2
245 1 _aΑπό το Ταξίδι του Χρόνου / Παιδιά Τραγούδια για Ξυλόφωνο Μεταλλόφωνο και ρυθμικά κρουστά
260 _bΑθήνα,
_c1992
300 _a80
520 _aΠρόλογος, Εισαγωγικό Σημείωμα, Καλημέρα, Μια Φλογίτσα, Η Πεταλουδίτσα, Το Αεροπλάνο, Το Αρκουδάκι, Το Μικρό Μπαλκόνι, Τρέχει ο Κόσμος, Η Γάτα μας, Φθινοπωρινό Τραγούδι, Το Μελισσάκι, Φθινόπωρο Αρχίζει, Χριστουγεννιάτικη Προσευχή, Πρωτοχρονιάτικο Δέντρο, Οι Φίλοι, Ο Καστανάς, Χιονίζει, Το Μικρό Δεντράκι, Τρελή Αποκριά, Ονειροχώρα, Χειμωνιάτικη Λιάκαδα, Πάνινες Κούκλες, Ανθισμένα Κυκλάμινα, Στο Νησί, Μουσική Σχολή, Ανοιξιάτικο Λιβάδι, Το Καλοκαιράκι, Ο Τρύγος, Το Φεγγαράκι, Οι Γλάροι, Το Συνεφφάκι, Το Ιστιοφόρο, Το Τραίνο της Χαράς.
700 1 _aΖερβουδάκης Στέλιος
_95305
942 _cBK
999 _c4314
_d4314